000 00683nam a2200241 i 4500
001 C2-0237102
003 PPAK
005 20180727200710.0
008 011115s1997 my |||| ||||| | may d
020 _a983945921X
040 _aPPAK
_beng
_cPPAK
_erda
082 0 4 _a899.2331
_223
090 0 0 _a899.2331
_bSWE
_dKIH
100 1 _aSwee Tin, Lim,
_eauthor
245 1 0 _aPuisi kepada An
_bAsas penulisan puisi
264 1 _aKuala Lumpur :
_bDiwangsa Publications & Distributors Sdn. Bhd. ,
_c1997
300 _ai, 65 pages ;
_c21 cm
336 _2rdacontent
_atext
337 _2rdamedia
_aunmediated
338 _2rdacarrier
_avolume
650 1 0 _aMalay poetry
942 _ddc
_cB
999 _c52803
_d52803